El material didáctico en la enseñanza de la historia /
Guardado en:
| Autor Principal: | |
|---|---|
| Otros Autores: | |
| Formato: | Libro |
| Publicado: |
Buenos Aires :
El Ateneo,
1984
|
| Series: | Formaci¢n Docente, 912
|
| Materias: | |
| Etiquetas: |
Agregar Etiqueta
Sin Etiquetas, Sea el primero en etiquetar este registro!
|
| LEADER | 00844nam a22002175a 4500 | ||
|---|---|---|---|
| 001 | CEM.cems004800 | ||
| 005 | 20060217000000.0 | ||
| 008 | 130507s1984##################000#0#####d | ||
| 003 | CEMS | ||
| 082 | 0 | 4 | |a 372.83 |
| 100 | 1 | |a Ossanna, Edgardo O. | |
| 245 | 1 | 0 | |a El material didáctico en la enseñanza de la historia / |
| 260 | |a Buenos Aires : |b El Ateneo, |c 1984 | ||
| 300 | |a 212 | ||
| 490 | 0 | |a Formaci¢n Docente, 912 | |
| 505 | 0 | |a 1. El material did ctico. 2. Fundamentaci¢n cient¡fica. 3. Uso del material did ctico. 4. selecci¢n y uso del material did ctico. 5. Integraci¢n y uso del material did ctico. | |
| 653 | |a Didactica de la historia | ||
| 653 | |a Educacion | ||
| 700 | 1 | |a Bargellini, Eva M | |
| 859 | |a CEMS |b BIB. CEMS - 11 de abril |h 372.83 |i Os2 |p 14596.87 |t Ej.1 | ||
| 859 | |a CEMS |b BIB. CEMS - 11 de abril |h 372.83 |i Os2 |p 14597.87 |t Ej.2 | ||
